000 00912nam a2200289 i 4500
999 _c7592
_d7592
001 3649053
003 OSt
005 20220112115302.0
008 760209s1975 enka b 001 0 eng b
010 _a 75596110
015 _aGB***
020 _a0407000178
040 _aDLC
_cDLC
_dDLC
050 1 0 _aRJ53.P5
_bS36
082 0 0 _aWB 460
_bS84p 1975
100 1 _aScrutton, David.
_915519
245 1 0 _aPhysiotherapy in paediatric practice /
_cDavid Scrutton, Moyna Gilbertson.
260 _aLondon ;
_aBoston :
_bButterworths,
_c1975.
300 _axiii, 205 p. :
_bill. ;
_c22 cm.
500 _aIncludes index.
504 _aBibliography: p. 188-195.
650 0 _aPhysical therapy for children.
_910778
650 2 _aPhysical therapy
_xIn infancy and childhood.
_915520
700 1 _aGilbertson, Moyna,
_ejoint author.
_915521
906 _a7
_bcbc
_corignew
_d3
_encip
_f19
_gy-gencatlg
942 _2z
_cO_SHELF